| 000 | 00497nam a22001937a 4500 | ||
|---|---|---|---|
| 999 |
_c29396 _d29395 |
||
| 003 | OSt | ||
| 005 | 20210208104041.0 | ||
| 008 | 170615b xxu||||| |||| 00| 0 eng d | ||
| 020 | _a9780763853488 | ||
| 040 |
_aMMU _beng _cMMU _dMMU |
||
| 050 | _aHF5548.4.M52S38 2014 | ||
| 100 | _aSeguin Denise | ||
| 245 |
_aexcel 2013/ _cDenise Seguin |
||
| 260 |
_aOntario: _bParadigm Publishers, _c2014. |
||
| 300 | _axv,328 p. : | ||
| 650 | _aexcel 2013 | ||
| 700 | _aJan Davidson | ||
| 942 |
_2lcc _cLOAN LOAN |
||